| 000 | 00000nam##2200000za#4500 |
| 001 | 9.569329 |
| 003 | CaOODSP |
| 005 | 20210624181721 |
| 007 | cr ||||||||||| |
| 008 | 150406|2007||||xxc|||||o f|0| 0 eng|d |
| 040 | |aCaOODSP|beng |
| 043 | |an-cn--- |
| 086 | 1 |aNH18-1-2/10-2007E-PDF |
| 110 | 2 |aCanada Mortgage and Housing Corporation. |
| 245 | 10|aBarriers and outcomes in the housing search for new immigrants and refugees : |h[electronic resource]|ba case study of Black Africans in Toronto's rental market / |c[by] Carlos Teixeira. |
| 260 | |aOttawa - Ontario : |bCanada Mortgage and Housing Corporation |cJune 2007. |
| 300 | |a101p.|bfig., maps, tables |
| 490 | 1 |aResearch report |
| 504 | |aBibliography. |
| 590 | |a12-25-Supp|b2012-06-04 |
| 720 | 1 |aTeixeira, Carlos |
| 830 | #0|aResearch report (Canada Mortgage and Housing Corporation : Online)|w(CaOODSP)9.506068 |
| 856 | 40|ahttp://publications.gc.ca|qPDF|s1 008 KB|uhttps://publications.gc.ca/collections/collection_2011/schl-cmhc/nh18-1-2/NH18-1-2-10-2007-eng.pdf |